| 000 | 01469nam a2200265Ia 4500 | ||
|---|---|---|---|
| 999 |
_c56103 _d56103 |
||
| 001 | 23204 | ||
| 003 | GE_BSU | ||
| 005 | 20230725120144.0 | ||
| 008 | 181216s2017||||ge |||||||||||||| ||geo|| | ||
| 020 | _aISSN 1987-5275 | ||
| 040 | _cGE_BSU | ||
| 041 | _ageo | ||
| 080 | _a39(479.223) ს-24 | ||
| 245 |
_aსამხრეთ-დასავლეთ საქართველოს ეთნოლოგიის პრობლემები V / _cრედ. ნ. კახიძე. |
||
| 264 |
_aბათუმი : _bბათუმის შოთა რუსთაველის სახ. უნ-ტი, _c2017. |
||
| 300 |
_a219 გვ. : _bილ. ; _c 21 სმ. |
||
| 500 | _aგაშლილი თავფურცელი რუსულ და ინგლისურ ენებზე | ||
| 520 | _aგაშლ. თავფ. რუს. და ინგლ. ენ. | ||
| 541 | _h7ლ. 78თ. | ||
| 653 | _aეთნოლოგია | ||
| 653 | _aსამხრეთ-დასავლეთ საქართველოს ეთნოლოგიის პრობლემები V | ||
| 700 |
_aკახიძე, ნ. _eრედაქტორი _919534 |
||
| 710 |
_aბათუმის შოთა რუსთაველის სახელმწიფო უნივერსიტეტი _bნიკო ბერძენიშვილის ინსტიტუტი _919535 |
||
| 942 |
_cBK _2udc |
||